=LDR 00000nam 2200000 4500 =001 NUTBA000000000000469 =990 ##$$a 32302788 =005 20150820105600.0 =990 ##$$a 91467/BPAP-NTB/2014 =006 =990 ##$$a 92229/BPAP-NTB/2014 =007 =990 ##$$a 0001/BPAP-NTB/20142015 =008 =990 ##$$a 0001/BPAP-NTB/20142015 =020 ##$$a 978-979-769-431-9 =990 ##$$a 0001/BPAP-NTB/20142015 =035 ##$$0010-031400000000468 =990 ##$$a 2090101493/BPAP-NTB/2015 =082 ##$$a 370.114 =990 ##$$a 0001/BPAP-NTB/2015 =090 ##$$a 370.114 Suk p =990 ##$$a 0001/BPAP-NTB/2015 =100 ##$$a Adisusilo, Sutarjo $q Sutarjo Adisusilo, J.R. =245 ##$$a Pembelajaran Nilai-Karakter $b Konstruktivisme dan VCT sebagai Inovasi Pendekatan Pembelajaran Afektif =250 ##$$a Ed.I =260 ##$$a Jakarta $b rajawali pers $c 2013 =300 ##$$a XII,266 HLM $c 21 cm =850 ##$$a NBPNMAT =990 ##$$a 91361/BPAP-NTB/2014 =990 ##$$a 91467/BPAP-NTB/2014 =990 ##$$a 92229/BPAP-NTB/2014 =990 ##$$a 0001/BPAP-NTB/20142015 =990 ##$$a 0001/BPAP-NTB/20142015 =990 ##$$a 0001/BPAP-NTB/20142015 =990 ##$$a 0001/BPAP-NTB/2015 =990 ##$$a 0001/BPAP-NTB/2015